Sports Quiz

Random Sports or Hockey Quiz

NHL Seasons with 70, 60, 50, 40, 30, and 20 Goals Quiz Stats

 Plays Quiz Updated Jul 6, 2018

Score 0/64 Timer 07:00
2 Plays Today
Goals Player % Correct
70+ Goals in a SeasonWayne Gretzky
99%
60+ Goals in a SeasonWayne Gretzky
99%
50+ Goals in a SeasonWayne Gretzky
99%
40+ Goals in a SeasonWayne Gretzky
99%
30+ Goals in a SeasonWayne Gretzky
99%
20+ Goals in a SeasonWayne Gretzky
99%
70+ Goals in a SeasonMario Lemieux
86.7%
60+ Goals in a SeasonMario Lemieux
86.7%
50+ Goals in a SeasonMario Lemieux
86.7%
40+ Goals in a SeasonMario Lemieux
86.7%
70+ Goals in a SeasonBrett Hull
83.5%
60+ Goals in a SeasonBrett Hull
83.5%
50+ Goals in a SeasonBrett Hull
83.5%
40+ Goals in a SeasonBrett Hull
83.5%
30+ Goals in a SeasonBrett Hull
83.5%
20+ Goals in a SeasonBrett Hull
83.5%
50+ Goals in a SeasonBobby Hull
83.2%
40+ Goals in a SeasonBobby Hull
83.2%
30+ Goals in a SeasonBobby Hull
83.2%
50+ Goals in a SeasonAlex Ovechkin
82.3%
40+ Goals in a SeasonAlex Ovechkin
82.3%
30+ Goals in a SeasonGordie Howe
79.7%
20+ Goals in a SeasonGordie Howe
79.7%
30+ Goals in a SeasonJaromir Jagr
78.2%
20+ Goals in a SeasonJaromir Jagr
78.2%
30+ Goals in a SeasonAlex Ovechkin
76.6%
20+ Goals in a SeasonMark Messier
75.7%
70+ Goals in a SeasonTeemu Selanne
65.9%
20+ Goals in a SeasonTeemu Selanne
65.9%
60+ Goals in a SeasonSteve Yzerman
65.6%
50+ Goals in a SeasonSteve Yzerman
65.6%
60+ Goals in a SeasonMike Bossy
63.7%
Goals Player % Correct
50+ Goals in a SeasonMike Bossy
63.7%
40+ Goals in a SeasonMike Bossy
63.7%
70+ Goals in a SeasonJari Kurri
60.2%
60+ Goals in a SeasonJari Kurri
60.2%
70+ Goals in a SeasonPhil Esposito
59.4%
60+ Goals in a SeasonPhil Esposito
59.4%
50+ Goals in a SeasonPhil Esposito
59.4%
40+ Goals in a SeasonPhil Esposito
59.4%
30+ Goals in a SeasonPhil Esposito
59.4%
20+ Goals in a SeasonJoe Sakic
53.3%
60+ Goals in a SeasonPavel Bure
52.9%
50+ Goals in a SeasonPavel Bure
52.9%
50+ Goals in a SeasonGuy Lafleur
49.6%
50+ Goals in a SeasonMarcel Dionne
45.7%
40+ Goals in a SeasonMarcel Dionne
45.7%
30+ Goals in a SeasonMarcel Dionne
45.7%
20+ Goals in a SeasonMarcel Dionne
45.7%
70+ Goals in a SeasonAlexander Mogilny
43.1%
40+ Goals in a SeasonLuc Robitaille
42.4%
30+ Goals in a SeasonLuc Robitaille
42.4%
30+ Goals in a SeasonJarome Iginla
41.6%
20+ Goals in a SeasonJarome Iginla
41.6%
40+ Goals in a SeasonMike Gartner
40.4%
30+ Goals in a SeasonMike Gartner
40.4%
20+ Goals in a SeasonMike Gartner
40.4%
30+ Goals in a SeasonBrendan Shanahan
36.8%
20+ Goals in a SeasonBrendan Shanahan
36.8%
30+ Goals in a SeasonMats Sundin
36.8%
20+ Goals in a SeasonMats Sundin
36.8%
20+ Goals in a SeasonRon Francis
34.1%
70+ Goals in a SeasonBernie Nicholls
31%
20+ Goals in a SeasonDave Andreychuk
29.5%

You're not logged in!

Compare scores with friends on all Sporcle quizzes.
OR
Log In

You Might Also Like...

Show Comments

Extras

Top Quizzes Today


Score Distribution

Your Account Isn't Verified!

In order to create a playlist on Sporcle, you need to verify the email address you used during registration. Go to your Sporcle Settings to finish the process.

Report this User

Report this user for behavior that violates our Community Guidelines.

Details: